| 000 | 00633nam a2200193Ia 4500 | ||
|---|---|---|---|
| 003 | GCL | ||
| 008 | 140319s9999 xx 000 0 ara d | ||
| 040 |
_aGCL / _cGCL |
||
| 082 | 0 | 4 |
_aق _b962.04 _bم ت |
| 100 | 1 | _aمحسن محمد | |
| 245 | 1 | 0 |
_aالتاريخ السرى لمصر / _cمحسن محمد |
| 260 |
_aالقاهرة : _bالمكتب المصرى الحديث ، _c1973 |
||
| 300 |
_a385 ص ؛ _c19 سم |
||
| 650 | 0 | 4 | _aمصر |
| 650 | 0 | 4 | _aالوثائق الدبلوماسية |
| 650 | 0 | 4 | _aمصر - الاحزاب السياسية |
| 650 | 0 | 4 | _aمصر - تاريخ - العصر الحديث |
| 942 |
_2ddc _cBK |
||
| 999 |
_c35049 _d35049 |
||